First 100 words of Alice's Adventures in Wonderland - Statistics

General Stats
  • This quiz has been taken 250 times
  • The average score is 47 of 100
Answer Stats
Word % Correct
a
100%
Alice
95%
the
91%
was
88%
her
79%
in
77%
she
77%
on
73%
and
72%
"and
72%
be
71%
to
71%
no
70%
of
65%
is
63%
it
63%
it,
63%
what
57%
(as
53%
as
53%
by
53%
So
51%
do:
49%
sister
49%
had
48%
but
47%
book
44%
book,"
44%
for
42%
reading,
42%
sitting
39%
or
37%
could,
35%
tired
35%
thought
34%
would
32%
very
31%
day
30%
up
30%
get
27%
pictures
24%
"without
23%
nothing
22%
into
19%
sleepy
19%
bank,
18%
beginning
18%
feel
17%
once
17%
use
17%
made
14%
own
14%
well
14%
having
13%
mind
13%
getting
11%
conversations
9%
conversations?"
9%
hot
9%
twice
8%
making
7%
daisies,
6%
daisy-chain
6%
picking
6%
stupid),
5%
whether
5%
considering
4%
peeped
4%
worth
4%
pleasure
3%
trouble
3%
No matching quizzes found
Score Distribution
Percent of People with Each Score
Percentile by Number Answered
Your Score History
You have not taken this quiz